000 00613nam a22001697a 4500
003 OSt
005 20171010095510.0
008 120813t xxu||||| |||| 00| 0 eng d
040 _aMMSU
_cULS
100 _aCajigal, Noemi A.
_912049
245 _aKnowledge, practices and problems of mothers on the use of herbal medicines for common child illnesses
_cCajigal, Noemi A.
260 _c1999
300 _axvi, 92 leaves
_c28 cm.
500 _aThesis (MA Nursing-Maternal Child Nursing) -- Mariano Marcos State University-Graduate School, Laoag City
504 _aBibliography: leaves 88-92
942 _2ddc
_cTHEDIS
999 _c9708
_d9708